Neue Bundesländer werden Motor für die deutsche Werbebranche.

Rozličný vývoj reklamnej konjunktúry v starých a nových spolkových krajinách Nemecka. Hodnota investícií do reklamy v roku 1991, podiel médií na príjmoch z reklamy. Hrozba zákazu doručenia neobjednaných prospektov a letákov poštou. Protireklamný postoj Európskych spoločenstiev.

Gespeichert in:
Bibliographische Detailangaben
Format: Buchkapitel
Sprache:Deutsch
Schlagworte:
Tags: Tag hinzufügen
Keine Tags, Fügen Sie das erste Tag hinzu!

MARC

LEADER 00000naa a2200000 4500
001 r005164
005 20221130103625.3
041 0 |a ger 
044 |a DE 
245 1 0 |a Neue Bundesländer werden Motor für die deutsche Werbebranche. 
520 |a Rozličný vývoj reklamnej konjunktúry v starých a nových spolkových krajinách Nemecka. Hodnota investícií do reklamy v roku 1991, podiel médií na príjmoch z reklamy. Hrozba zákazu doručenia neobjednaných prospektov a letákov poštou. Protireklamný postoj Európskych spoločenstiev. 
610 2 0 |a reklama 
610 2 0 |a 1991 
610 2 0 |a Nemecko 
610 2 0 |a investície